Famous Lasts #1 - Statistics

General Stats
  • This quiz has been taken 57,242 times
    36,251 since last reset
  • The average score is 11 of 22
Answer Stats
Last... Date Answer % Correct
State to join the U.S. 1959 Hawaii
95%
Greek letter Omega
81%
Battle of Napoleon 1815 Waterloo
78%
Soviet leader 1991 Mikhail Gorbachev
76%
Country to gain full independence 2011 South Sudan
67%
Russian tsar 1917 Nicholas II
65%
Harry Potter book (original series) 2007 Harry Potter and the Deathly Hallows
61%
Last words of Julius Caesar (according to Shakespeare) Et tu, Brute! Then fall, Caesar
59%
Major land mass to be discovered 1820 Antarctica
57%
Tudor monarch 1603 Elizabeth I
57%
Book of the Bible Revelation
49%
Day before Lent Fat Tuesday
42%
Pharaoh of Egypt (adult) 30 BC Cleopatra VII
40%
Dynasty of China 1912 Qing
36%
Canadian territory to be organized 1999 Nunavut
34%
Saxon king of England 1066 Harold II
33%
Moorish city in Spain 1492 Granada
31%
Stanley Kubrick film 1999 Eyes Wide Shut
30%
Gift on the 12 Days of Christmas 12 Drummers Drumming
29%
Beatles album to be released 1970 Let it Be
22%
Sega video game console 1999 Dreamcast
19%
Pinta Island tortoise 2012 {Lonesome} George
13%
No matching quizzes found
Score Distribution
Percent of People with Each Score
Percentile by Number Answered
Your Score History
You have not taken this quiz since the last reset